=LDR 00000nam 2200000 4500 =001 NUTBA000000000003388 =005 20140818101753.0 =006 =007 =008 =020 ##$$a 978-602-7785-02-1 =035 ##$$a 0010-081400000000233 =040 ##$$a NBPDMAT =082 ##$$a 510.76 =090 ##$$a 510.76 $b Agu p =100 ##$$a Agus Nggermanto =245 ##$$a Pintar matematika ( Berhitung Cepat Kuadrat ) / $c Agus Nggermanto ; editor, Kursita =260 ##$$a Bandung : $b Grama Publishing, $c 2014 =300 ##$$a iv, iii hlm. ; $c 24 cm. =500 ##$$a Bibliografi : hlm. 111 =650 ##$$a Matematika - Studi dan Pengajaran =700 ##$$a Kursita =850 ##$$a NBPDMAT =990 ##$$a 21404762